000 00393pam a2200169 a 4500
020 _c
041 _h
082 _a005.43
_bGOR
100 _aGORMAN M.S.
_eauthor
245 _aINTRODUCTION TO OPERATING SYSTEMS/
_hTextual Documents
250 _a01-01-2001.
260 _bSOUTH-WESTERN(VIKAS)
300 _aX/253
500 _a4913
653 _aOPERATING SYSTEMS (T.E.)
930 _a4506
999 _c47731
_d47731